| 000 | 00000nas##2200000za#4500 |
| 001 | 9.509536 |
| 003 | CaOODSP |
| 005 | 20200325104003 |
| 007 | ta |
| 008 | 150406c1996||||xxc|| m #||||f| |0eng|d |
| 040 | |aCaOODSP|beng |
| 041 | |aeng |
| 041 | |afre |
| 043 | |an-cn--- |
| 086 | 1 |aMP78-4 |
| 110 | 1 |aCanada.|bHuman Resources Development Canada. |bHuman Resources Investment Branch. |
| 245 | 10|aMaster list of designated educational institutions / |cPrepared by the Socio-Economic Analysis Section, Learning Program Policy Division, Learning and Literacy Directorate, Human Resources Investment Branch. |
| 260 | |aOttawa - Ontario : |bHuman Resources Development Canada. |
| 500 | |a"It contains all the educational institutions where students are eligible to receive Canada Student Loans. This publication contains a list of these institutions as of August 30, 1996. This list is an update of the last release made in 1991."--Page i. |
| 520 | 3 |aIt contains all the educational institutions where students are eligible to receive Canada Student Loans. This publication contains a list of these institutions as of August 30, 1996. This list is an update of the last release made in 1991.--Page i |
| 546 | |aBilingual |
| 563 | |aRing binding |
| 792 | |tRépertoire des établissements d'enseignement agréés / |efre|w(CaOODSP)9.509537 |